000 003040000a22001210004500
008 230817t1994 ||||| |||| 00| 0 eng d
022 _a01975439
245 _aWorld refugee survey 1994
260 _aWashington:
_bU.S. Committee for Refugees,
_c1994
300 _b176 p.
650 _aREFUGEES
942 _cCR
999 _c2733
_d2733